000 00590nam a2200253Ia 4500
005 20260121154022.0
008 008 260114s9999 xx 000 0 eng d
020 _a9781003365075
037 _aEBOOK
040 _aCRL
040 _beng
040 _cCRL
041 _2eng
041 _aeng
084 _qCRL
100 _a Roberta Troisi
_91002006
245 4 _aThe Firm and Territory
260 _bTaylor and Francis
260 _c2023
856 _uhttp://www.taylorfrancis.com/books/9781003365075
942 _cEBOOK
999 _c1568827
_d1568827